una "puesta en imágenes" (Record no. 1630)

MARC details
000 -LEADER
campo de control de longitud fija 00496nam a2200145 4500
008 - DATOS DE LONGITUD FIJA--INFORMACIÓN GENERAL
campo de control de longitud fija 708 P844u
020 ## - NÚMERO INTERNACIONAL ESTÁNDAR DEL LIBRO
Número Internacional Estándar del Libro 9968899119
082 ## - NÚMERO DE LA CLASIFICACIÓN DECIMAL DEWEY
Número de clasificación 708
Número de ítem P844u
100 ## - ENTRADA PRINCIPAL--NOMBRE DE PERSONA
Nombre de persona Porter, Liliana
9 (RLIN) 5326
245 ## - MENCIÓN DEL TÍTULO
Título una "puesta en imágenes"
260 ## - PUBLICACIÓN, DISTRIBUCIÓN, ETC.
Lugar de publicación, distribución, etc. San José, Costa Rica
Nombre del editor, distribuidor, etc. TEOR/éTica
Fecha de publicación, distribución, etc. 2003
300 ## - DESCRIPCIÓN FÍSICA
Extensión 24 p.
Otras características físicas ill (col)
Dimensiones 20 x 21,5 cm
650 ## - PUNTO DE ACCESO ADICIONAL DE MATERIA--TÉRMINO DE MATERIA
Subdivisión general arte contemporáneo
-- arte - exhibiciones
-- Argentina
-- arte - exhibición - gráfica
9 (RLIN) 6711
700 ## - ENTRADA AGREGADA--NOMBRE PERSONAL
Nombre de persona Baker, Ken; Pérez-Ratton, Virginia; Katzenstein, Inés
9 (RLIN) 6712
Holdings
Estatus retirado Estado de pérdida Fuente del sistema de clasificación o colocación Estado de daño No para préstamo Biblioteca de origen Biblioteca actual Ubicación en estantería Fecha de adquisición Total de préstamos Signatura topográfica completa Código de barras Visto por última vez Precio de reemplazo Tipo de ítem Koha
    Clasificación Decimal Dewey     Biblioteca LadoV Biblioteca LadoV   11/10/2018   708 P844u 002390 11/10/2018 11/10/2018 Material 01
    Clasificación Decimal Dewey     Biblioteca LadoV Biblioteca LadoV   11/10/2018   708 P844u 000946 11/10/2018 11/10/2018 Material 01